Beauty and the beast (Record no. 321)

MARC details
000 -LEADER
fixed length control field 00769nam a22002417a 4500
001 - CONTROL NUMBER
control field 321
003 - CONTROL NUMBER IDENTIFIER
control field FISKH
005 - DATE AND TIME OF LATEST TRANSACTION
control field 20230321124332.0
008 - FIXED-LENGTH DATA ELEMENTS--GENERAL INFORMATION
fixed length control field 230321b cb ||||| |||| 00| 0 eng d
020 ## - INTERNATIONAL STANDARD BOOK NUMBER
International Standard Book Number 9781454915072
040 ## - CATALOGING SOURCE
Original cataloging agency FISKH
Language of cataloging eng
Transcribing agency FISKH
Modifying agency FISKH
050 ## - LIBRARY OF CONGRESS CALL NUMBER
Classification number PZ7
082 ## - DEWEY DECIMAL CLASSIFICATION NUMBER
Classification number 853.92
100 ## - MAIN ENTRY--PERSONAL NAME
Personal name Francia, Giada
245 ## - TITLE STATEMENT
Title Beauty and the beast
Remainder of title A fairy tale adventure
250 ## - EDITION STATEMENT
Edition statement First Sterling edition 2015
260 ## - PUBLICATION, DISTRIBUTION, ETC.
Place of publication, distribution, etc. Toronto
Name of publisher, distributor, etc. Sterling
Date of publication, distribution, etc. 2015
300 ## - PHYSICAL DESCRIPTION
Extent 61 p.
Dimensions 22 cm.
520 ## - SUMMARY, ETC.
Summary, etc. In order to save her father's life, Belle has no choice but to go the Beast's palace and live with him. But will she learn there's more to this monster than first meets the eye?
521 8# - TARGET AUDIENCE NOTE
Target audience note 800
Source Lexile
521 8# - TARGET AUDIENCE NOTE
Target audience note M <br/>
Source Raz-Plus
942 ## - ADDED ENTRY ELEMENTS (KOHA)
Source of classification or shelving scheme Dewey Decimal Classification
Koha item type Books
Suppress in OPAC No
Holdings
Withdrawn status Lost status Source of classification or shelving scheme Damaged status Not for loan Collection Home library Current library Shelving location Date acquired Total Checkouts Full call number Barcode Date last seen Price effective from Koha item type
    Dewey Decimal Classification     Juvenile Fiction Footprints International School Library Network Toul Kork Campus Footprints International School Library Network Toul Kork Campus A TK Campus, 4th Floor, Room B401, Fiction Bookcases (1-6) 03/21/2023   FRA 853.92 PZ7 2023-0055 03/21/2023 03/21/2023 Books